| 000 | 01607cam a2200445 i 4500 | ||
|---|---|---|---|
| 999 |
_c64087 _d64087 |
||
| 001 | 57167629 | ||
| 003 | OCoLC | ||
| 005 | 20180622072749.0 | ||
| 008 | 050712s2005 enk b 001 0 eng | ||
| 010 | _a2005298945 | ||
| 020 | _a1850434816 (hard) | ||
| 020 | _a9781850434818 (hard) | ||
| 024 | 3 | _a9781850434818 | |
| 040 |
_aUKM _cCO-MdFUSB _dDLC _dNLM _dBWKUK _dBAKER _dVVC _dJAI _dVP@ _dBTCTA _dYDXCP _dLVB _dCAP _dUtOrBLW _bspa _erda |
||
| 041 | _aspa | ||
| 042 | _alccopycat | ||
| 082 |
_2215 _a21 _bB786s |
||
| 100 | 1 |
_aBowker, John, _d1935- _eautor |
|
| 245 | 1 | 4 |
_aThe sacred neuron : _bextraordinary new discoveries linking science and religion / _cJohn W. Bowker. |
| 264 | 1 |
_aLondon ; _aNew York : _bI.B. Tauris, _c[2005] |
|
| 264 | 4 | _c©2005 | |
| 300 |
_axiii, 226 pages ; _c25 cm. |
||
| 336 |
_atexto _btxt _2rdacontent. |
||
| 337 |
_asin mediación _bn _2rdamedia. |
||
| 338 |
_avolumen _bnc _2rdacarrier. |
||
| 504 | _aIncluye bibliografía y referencias (páginas 203-214) e índices. | ||
| 505 | 0 | _aConflicto y sus causas -- Apelar a la historia -- Apelar al valor: arte en China y Occidente -- Apelar al valor: ética y conducta humana -- Apelar a la coherencia -- Sexo y seguridad: una nueva crisis frente a la religión | |
| 563 | _apasta dura | ||
| 650 | 0 | _aReligion and science. | |
| 650 | 7 |
_aReligión y ciencia _9259 |
|
| 650 | 0 | _aReason. | |
| 650 | 0 | _aFaith and reason. | |
| 650 | 7 |
_aFe y razón _9532 |
|
| 650 | 1 | 2 | _aReligion and Science. |
| 942 | _cBK | ||